书目信息 |
| 题名: |
化工自动化及仪表
|
|
| 作者: | 张光新 , 杨丽明 , 王会芹 编著 | |
| 分册: | ||
| 出版信息: | 北京 化学工业出版社 2016.04 |
|
| 页数: | 284页 | |
| 开本: | 26cm | |
| 丛书名: | ||
| 单 册: | ||
| 中图分类: | TQ056 | |
| 科图分类: | ||
| 主题词: | 化工仪表--高等学校--教材 , 化工过程--自动控制系统--高等学校--教材 | |
| 电子资源: | ||
| ISBN: | 978-7-122-26152-6 | |
| 000 | 01256nam0 2200301 450 | |
| 001 | 012016036599 | |
| 005 | 20170418143322.32 | |
| 010 | @a978-7-122-26152-6@dCNY36.00 | |
| 100 | @a20160401d2016 em y0chiy50 ea | |
| 101 | 0 | @achi |
| 102 | @aCN@b110000 | |
| 105 | @aak z 000yy | |
| 106 | @ar | |
| 200 | 1 | @a化工自动化及仪表@9hua gong zi dong hua ji yi biao@f张光新,杨丽明,王会芹编著 |
| 205 | @a2版 | |
| 210 | @a北京@c化学工业出版社@d2016.04 | |
| 215 | @a284页@c图@d26cm | |
| 300 | @a高等学校“十三五”规划教材 工艺类专业适用 本书荣获中国石油和化学工业优秀教材奖一等奖 | |
| 330 | @a本书共分11章。第1、2章介绍自动控制基础知识,第3章介绍检测技术与检测仪表,第4、5章介绍控制器与计算机控制装置,第6章介绍执行器,第7-9章介绍简单控制系统、复杂控制系统、新型控制系统,第10、11章介绍典型化工单元的控制与计算机控制系统的应用。 | |
| 333 | @a本书适合高校化工、炼油、轻工、冶金、制药、林化工等工艺类专业师生,相关专业工程技术人员 | |
| 606 | 0 | @a化工仪表@x高等学校@j教材 |
| 606 | 0 | @a化工过程@x自动控制系统@x高等学校@j教材 |
| 690 | @aTQ056@v5 | |
| 701 | 0 | @a张光新@9zhang guang xin@4编著 |
| 701 | 0 | @a杨丽明@9yang li ming@4编著 |
| 701 | 0 | @a王会芹@9wang hui qin@4编著 |
| 801 | 0 | @aCN@b人天书店@c20160401 |
| 905 | @b985165-68@dTQ056@e306=2@f4 | |
| 化工自动化及仪表/张光新,杨丽明,王会芹编著.-2版.-北京:化学工业出版社,2016.04 |
| 284页:图;26cm |
| 高等学校“十三五”规划教材 工艺类专业适用 本书荣获中国石油和化学工业优秀教材奖一等奖.-使用对象:本书适合高校化工、炼油、轻工、冶金、制药、林化工等工艺类专业师生,相关专业工程技术人员 |
| ISBN 978-7-122-26152-6:CNY36.00 |
| 本书共分11章。第1、2章介绍自动控制基础知识,第3章介绍检测技术与检测仪表,第4、5章介绍控制器与计算机控制装置,第6章介绍执行器,第7-9章介绍简单控制系统、复杂控制系统、新型控制系统,第10、11章介绍典型化工单元的控制与计算机控制系统的应用。 |
| ● |
| 相关链接 |
|
|
|
|
正题名:化工自动化及仪表
索取号:TQ056/306=2
 
预约/预借
| 序号 | 登录号 | 条形码 | 馆藏地/架位号 | 状态 | 备注 |
| 1 | 985165 | 209851659 | 第二样本阅览室/ [索取号:TQ056/306=2] | 在馆 | |
| 2 | 985166 | 209851668 | 第三借阅区/ [索取号:TQ056/306=2] | 在馆 | |
| 3 | 985167 | 209851677 | 第三借阅区/ [索取号:TQ056/306=2] | 在馆 | |
| 4 | 985168 | 209851686 | 第三借阅区/ [索取号:TQ056/306=2] | 在馆 |